Programación Cobol / (Record no. 95817)
[ view plain ]
| 000 -LEADER | |
|---|---|
| campo de control de longitud fija | 00610nam a2200181 i 4500 |
| 001 - NÚMERO DE CONTROL | |
| campo de control | 95817 |
| 003 - IDENTIFICADOR DE NÚMERO DE CONTROL | |
| campo de control | ES-MaACL |
| 007 - CAMPO FIJO DE DESCRIPCIÓN FÍSICA--INFORMACIÓN GENERAL | |
| campo de control de longitud fija | t| |
| 008 - DATOS DE LONGITUD FIJA--INFORMACIÓN GENERAL | |
| campo de control de longitud fija | 050606s1974 mx ||||1| spa d |
| 100 1# - ENTRADA PRINCIPAL--NOMBRE DE PERSONA | |
| Nombre de persona | MacCracken, Daniel D. |
| 9 (RLIN) | 75091 |
| 245 10 - MENCIÓN DEL TÍTULO | |
| Título | Programación Cobol / |
| Mención de responsabilidad, etc. | Daniel D. MacCracken; traductor Mario Rodríguez de la Vega G.; revisor Mario del Valle Sánchez. |
| 250 ## - MENCION DE EDICION | |
| Mención de edición | [1ª ed.], 5ª reimp. |
| 260 ## - PUBLICACIÓN, DISTRIBUCIÓN, ETC. | |
| Lugar de publicación, distribución, etc. | México : |
| Nombre del editor, distribuidor, etc. | Limusa, |
| Fecha de publicación, distribución, etc. | 1974. |
| 300 ## - DESCRIPCIÓN FÍSICA | |
| Extensión | 181 p. : |
| Otras características físicas | il. ; |
| Dimensiones | 28 cm. |
| 700 1# - ENTRADA AGREGADA--NOMBRE PERSONAL | |
| Nombre de persona | Rodríguez de la Vega G., Mario. |
| 9 (RLIN) | 98457 |
| 700 1# - ENTRADA AGREGADA--NOMBRE PERSONAL | |
| Nombre de persona | Valle, Mario del. |
| 9 (RLIN) | 112773 |
| 852 ## - LOCALIZACIÓN | |
| Ubicación | ES-MaACL |
| Número de control de estantería | E-6967 |
| Sublocalización o colección | R.91068 |
| Estatus retirado | Estado de pérdida | Estado de daño | No para préstamo | Biblioteca de origen | Biblioteca actual | Ubicación en estantería | Fecha de adquisición | Fuente de adquisición | Total de préstamos | Signatura topográfica completa | Código de barras | Visto por última vez | Precio de reemplazo | Tipo de ítem Koha |
|---|---|---|---|---|---|---|---|---|---|---|---|---|---|---|
| Biblioteca del Ateneo de Madrid | Biblioteca del Ateneo de Madrid | Depósito 2 | 17/01/2008 | E-6967 | 1100049 | 23/02/2023 | 23/02/2023 | Libro impreso |
